| 000 | 00781nam a22002417a 4500 | ||
|---|---|---|---|
| 001 | BD-DhSAU 1497 | ||
| 003 | BD-DhSAU | ||
| 005 | 20150115150808.0 | ||
| 008 | 150115b1985 ph |||| |||| 00| 0 eng d | ||
| 020 | _a9711041510 | ||
| 040 | _aBD-DhSAU | ||
| 082 |
_222 _a633.1802 _bFLO |
||
| 110 | _aThe International Rice Research Institution | ||
| 245 |
_aThe flowering response of the rice plant to photoperiod : _bA review of the literature / _cThe International Rice Research Institution |
||
| 250 | _a4th ed. | ||
| 260 |
_aPhilippines: _bThe International Rice Research Institution, _c1985. |
||
| 300 |
_aii, 61 p. : _c23 cm. |
||
| 504 | _aIncludes bibliography. | ||
| 590 | _aroy | ||
| 650 |
_aRice plant _vphotoperiod |
||
| 700 | _aVergara, B. S. | ||
| 700 | _aChang, T. T. | ||
| 942 |
_2ddc _cBOOK |
||
| 999 |
_c1497 _d1497 |
||